[Event "16. Copenhagen Open"]
[Site "Copenhagen"]
[Date "1994.??.??"]
[Round "7"]
[White "Hansen, Henrik Michael"]
[Black "Nielsen, Lars Aaes"]
[Result "1/2-1/2"]
[WhiteElo "2060"]
[BlackElo "2220"]
[PlyCount "68"]
[EventDate "1994.??.??"]
[EventType "swiss"]
[EventRounds "10"]
[EventCountry "DEN"]
[SourceDate "2004.01.01"]

1. e4 e6 2. d4 d5 3. Nc3 Bb4 4. e5 c5 5. a3 Bxc3+ 6. bxc3 Qc7 7. Qg4 f6 8. Qg3
c4 9. exf6 Qxg3 10. f7+ Kxf7 11. hxg3 Nf6 12. Nf3 Nbd7 13. a4 Re8 14. Bf4 h6
15. Be2 a5 16. Ne5+ Nxe5 17. Bxe5 Ra6 18. Bxf6 Kxf6 19. f4 Bd7 20. Kd2 Re7 21.
Rh5 b5 22. axb5 Bxb5 23. g4 Rb7 24. g5+ hxg5 25. Rxg5 Be8 26. Re5 a4 27. Ra3
Bg6 28. g4 Be4 29. Bxc4 dxc4 30. Rxe4 Rb1 31. Re5 Rf1 32. Ke3 Re1+ 33. Kf3 Rf1+
34. Ke3 Re1+ 1/2-1/2

[Event "16. Copenhagen Open"]
[Site "Copenhagen"]
[Date "1994.??.??"]
[Round "7"]
[White "Hansen, Sune Berg"]
[Black "Hansen, Lars Bo"]
[Result "1/2-1/2"]
[WhiteElo "2415"]
[BlackElo "2545"]
[PlyCount "120"]
[EventDate "1994.??.??"]
[EventType "swiss"]
[EventRounds "10"]
[EventCountry "DEN"]
[SourceDate "2004.01.01"]

1. d4 d5 2. Nf3 Nf6 3. e3 c6 4. c4 e6 5. Bd3 Nbd7 6. O-O dxc4 7. Bxc4 Be7 8. b3
b5 9. Be2 Bb7 10. Bb2 O-O 11. Nbd2 a6 12. a4 Qb8 13. Ne5 Nxe5 14. dxe5 Nd7 15.
Nf3 Rd8 16. Qc2 c5 17. axb5 axb5 18. Bxb5 Bxf3 19. Bxd7 Bxg2 20. Kxg2 Rxd7 21.
Rad1 Raa7 22. Kg3 Rab7 23. Rxd7 Rxd7 24. Rb1 Qb4 25. Qc4 Qxc4 26. bxc4 Rb7 27.
Kf3 f6 28. Ke2 fxe5 29. Kd3 e4+ 30. Kc2 Rb4 31. Rg1 Rxc4+ 32. Kd2 Bf8 33. Ra1
Rb4 34. Bc3 Rb7 35. Ra4 Rd7+ 36. Ke2 Kf7 37. Rxe4 Be7 38. Rf4+ Bf6 39. e4 Kg6
40. Rg4+ Kf7 41. Rf4 Kg6 42. Rg4+ Kh5 43. Rg3 e5 44. Rf3 Kg6 45. Rf5 Re7 46.
Kd3 Kf7 47. Kc4 Ke6 48. Kxc5 Rc7+ 49. Kb4 Rb7+ 50. Kc4 Rb1 51. Kd3 Rh1 52. Rh5
h6 53. Bd2 Ra1 54. f4 Ra3+ 55. Ke2 Ra4 56. fxe5 Bxe5 57. Kf3 Ra3+ 58. Kg4 Ra4
59. Kf3 Ra3+ 60. Kg4 Ra4 1/2-1/2

[Event "16. Copenhagen Open"]
[Site "Copenhagen"]
[Date "1994.??.??"]
[Round "7"]
[White "Hector, Jonny"]
[Black "Stefansson, Hannes"]
[Result "1/2-1/2"]
[WhiteElo "2515"]
[BlackElo "2525"]
[PlyCount "51"]
[EventDate "1994.??.??"]
[EventType "swiss"]
[EventRounds "10"]
[EventCountry "DEN"]
[SourceDate "2004.01.01"]

1. e4 e5 2. Nf3 Nc6 3. d4 exd4 4. Nxd4 Nf6 5. Nc3 Bb4 6. Nxc6 bxc6 7. Bd3 d5 8.
exd5 Qe7+ 9. Qe2 cxd5 10. Qxe7+ Kxe7 11. O-O c6 12. Na4 Re8 13. Be3 Kf8 14. c4
Ba6 15. Rac1 Ng4 16. Bc5+ Bxc5 17. Nxc5 Ne5 18. Nxa6 Nxd3 19. Rc3 Nf4 20. Rf3
Ne6 21. cxd5 cxd5 22. g3 d4 23. Rd1 Rec8 24. b4 Rc2 25. Nc5 Nxc5 26. bxc5
1/2-1/2

[Event "16. Copenhagen Open"]
[Site "Copenhagen"]
[Date "1994.??.??"]
[Round "7"]
[White "Holst, Allan"]
[Black "Emms, John"]
[Result "1/2-1/2"]
[WhiteElo "2340"]
[BlackElo "2525"]
[PlyCount "188"]
[EventDate "1994.??.??"]
[EventType "swiss"]
[EventRounds "10"]
[EventCountry "DEN"]
[SourceDate "2004.01.01"]

1. c4 c5 2. Nf3 Nc6 3. Nc3 Nf6 4. d4 cxd4 5. Nxd4 e6 6. g3 Qb6 7. Ndb5 Ne5 8.
Bg2 a6 9. Qa4 Rb8 10. Be3 Bc5 11. Bxc5 Qxc5 12. Qa3 b6 13. Nd6+ Ke7 14. Qxc5
bxc5 15. Nxc8+ Rhxc8 16. b3 g5 17. Rd1 h5 18. h3 g4 19. hxg4 hxg4 20. Kd2 Rh8
21. Ke3 Rxh1 22. Rxh1 d6 23. Rh6 a5 24. Kd2 Rd8 25. Kc2 Rb8 26. Bh1 Nfd7 27.
Nd1 a4 28. Ne3 axb3+ 29. axb3 Rg8 30. Kc3 Nb8 31. Rh4 Na6 32. Nc2 Rb8 33. Ne3
Rg8 34. Nc2 Kf6 35. Be4 Nb8 36. Ne3 Nbd7 37. Rh1 Ke7 38. Bg2 Rg7 39. Rh8 Nf8
40. Be4 Nfd7 41. Rh6 Rg8 42. Bg2 Rd8 43. Rh4 Nf6 44. Rh6 Rd7 45. Rh8 Ra7 46.
Kb2 Ra6 47. Rb8 Ned7 48. Rh8 Rb6 49. Rh4 Ne5 50. Kc2 Ng6 51. Rh1 Rb8 52. Ra1
Rd8 53. Ra7+ Rd7 54. Ra8 Ne5 55. Rh8 Rd8 56. Rh1 Rg8 57. Ra1 Nfd7 58. Rh1 Rg7
59. Rh8 f5 60. Rh1 Rf7 61. Rh4 Nf8 62. Bh1 Nfg6 63. Rh2 Kf8 64. Nd1 Ra7 65. Kb2
Rf7 66. Nc3 Ke7 67. Kc2 Nf8 68. Ba8 Nfd7 69. Rh6 Nb8 70. Nb5 Na6 71. Kc3 f4 72.
gxf4 Rxf4 73. Rh7+ Nf7 74. Rh2 Nb4 75. f3 gxf3 76. Bxf3 Rf6 77. Rh5 Rh6 78.
Rxh6 Nxh6 79. Na7 Nf5 80. Be4 Ng7 81. Nc8+ Kd7 82. Nb6+ Kc7 83. Na8+ Kd8 84.
Nb6 Ne8 85. Na4 Nf6 86. Bf3 Nd7 87. Kd2 Ne5 88. Be4 Nbc6 89. e3 Kc7 90. Nc3 Na5
91. Kc2 Ng4 92. Nd1 Nc6 93. Kc3 Kb6 94. Kd2 Nge5 1/2-1/2

[Event "16. Copenhagen Open"]
[Site "Copenhagen"]
[Date "1994.??.??"]
[Round "7"]
[White "Isaksen, Brian"]
[Black "Bogdanovich, Grigory"]
[Result "1/2-1/2"]
[WhiteElo "2245"]
[BlackElo "2385"]
[PlyCount "39"]
[EventDate "1994.??.??"]
[EventType "swiss"]
[EventRounds "10"]
[EventCountry "DEN"]
[SourceDate "2004.01.01"]

1. e4 c5 2. Nf3 Nf6 3. Nc3 Nc6 4. d4 d5 5. exd5 Nxd5 6. Nxd5 Qxd5 7. Be3 cxd4
8. Nxd4 a6 9. Nxc6 Qxc6 10. Qd3 e5 11. Qc4 Bd7 12. Qxc6 Bxc6 13. O-O-O Be7 14.
f3 Rc8 15. Bd3 h6 16. Bf5 Rd8 17. Bb6 Rxd1+ 18. Rxd1 h5 19. Bc7 f6 20. Bg6+
1/2-1/2

[Event "16. Copenhagen Open"]
[Site "Copenhagen"]
[Date "1994.??.??"]
[Round "7"]
[White "Jakobsen, Ole"]
[Black "Brodsky, Michail"]
[Result "0-1"]
[WhiteElo "2375"]
[BlackElo "2500"]
[PlyCount "90"]
[EventDate "1994.??.??"]
[EventType "swiss"]
[EventRounds "10"]
[EventCountry "DEN"]
[SourceDate "2004.01.01"]

1. d4 Nf6 2. c4 e6 3. Nf3 b6 4. g3 Bb7 5. Bg2 Be7 6. Nc3 O-O 7. Qc2 Na6 8. O-O
c5 9. d5 exd5 10. Nh4 Nb4 11. Qd1 Ne4 12. Nf5 Nxc3 13. bxc3 Bf6 14. Bd2 Nc6 15.
cxd5 Na5 16. Qa4 Ba6 17. Rfe1 b5 18. Qc2 Nc4 19. Rac1 d6 20. Bf4 Bc8 21. Ne3
Nb6 22. h4 a5 23. Nf5 Nc4 24. Ne3 Nb6 25. Nf5 Nc4 26. Ne3 Ne5 27. h5 Re8 28.
Be4 g6 29. Kg2 Bg7 30. Rh1 f5 31. Bxe5 dxe5 32. hxg6 hxg6 33. Nxf5 gxf5 34.
Bxf5 Bxf5 35. Qxf5 Qxd5+ 36. e4 Qe6 37. Qh7+ Kf8 38. Rh5 Ra7 39. Rch1 Rf7 40.
Rg5 Qxa2 41. Rhh5 Qxf2+ 42. Kh3 Qf1+ 43. Kg4 Re6 44. Rf5 Qd1+ 45. Kh3 Qh1+ 0-1

[Event "16. Copenhagen Open"]
[Site "Copenhagen"]
[Date "1994.??.??"]
[Round "7"]
[White "Jensen, Henrik W"]
[Black "Sorensen, Henrik"]
[Result "0-1"]
[WhiteElo "2070"]
[BlackElo "2245"]
[PlyCount "116"]
[EventDate "1994.??.??"]
[EventType "swiss"]
[EventRounds "10"]
[EventCountry "DEN"]
[SourceDate "2004.01.01"]

1. e4 c6 2. d4 d5 3. exd5 cxd5 4. Bd3 Nc6 5. c3 g6 6. Bf4 Nh6 7. Qb3 Bg7 8. Nf3
O-O 9. Nbd2 f6 10. O-O Nf7 11. Bg3 e5 12. dxe5 fxe5 13. Bb5 a6 14. Bxc6 bxc6
15. Rfe1 Re8 16. h3 e4 17. Nd4 c5 18. Ne2 c4 19. Qd1 Ne5 20. Bxe5 Bxe5 21. Nf1
Re6 22. Ne3 Rd6 23. Nd4 Qg5 24. Ng4 Bg7 25. Qc1 Qxc1 26. Raxc1 Bxg4 27. hxg4
Bxd4 28. cxd4 Rf8 29. Rc3 Rf4 30. Rg3 Rdf6 31. Re2 e3 32. Rgxe3 Rxg4 33. Re6
Rxe6 34. Rxe6 Rxd4 35. Rxa6 Rd1+ 36. Kh2 Rb1 37. Rd6 Rxb2 38. Rxd5 Rxa2 39. Rc5
Rc2 40. Rc7 c3 41. Kg3 Rc1 42. Kf3 c2 43. g4 h5 44. gxh5 gxh5 45. Ke2 h4 46.
Kd2 Rf1 47. Kxc2 h3 48. Rc8+ Kg7 49. Rc7+ Kg6 50. Rc6+ Kg5 51. Rc5+ Kg4 52.
Rc4+ Kf3 53. Rc3+ Kg2 54. Rg3+ Kh2 55. Rf3 Rh1 56. Rg3 Rg1 57. Rf3 Rg8 58. Kd3
Kg2 0-1

[Event "16. Copenhagen Open"]
[Site "Copenhagen"]
[Date "1994.??.??"]
[Round "7"]
[White "Jensen, Soren"]
[Black "Strange, Mikkel"]
[Result "1/2-1/2"]
[WhiteElo "1990"]
[BlackElo "2155"]
[PlyCount "95"]
[EventDate "1994.??.??"]
[EventType "swiss"]
[EventRounds "10"]
[EventCountry "DEN"]
[SourceDate "2004.01.01"]

1. b3 f5 2. Bb2 d6 3. f4 e6 4. Nf3 Nf6 5. e3 Be7 6. Be2 O-O 7. O-O Qe8 8. c4
Nbd7 9. Nc3 c6 10. Rc1 a5 11. d4 d5 12. c5 h6 13. Qd2 Nh7 14. a3 g5 15. g3 Kh8
16. Kh1 Rg8 17. Rg1 Bf6 18. b4 axb4 19. axb4 Qg6 20. b5 Ndf8 21. Ra1 Rxa1 22.
Bxa1 Bd7 23. b6 Be8 24. Ne5 Bxe5 25. dxe5 Nd7 26. Na4 h5 27. Bd4 Qh6 28. Qe1 h4
29. gxh4 gxf4 30. Rxg8+ Kxg8 31. Nb2 Bh5 32. Nd3 Bxe2 33. Qxe2 fxe3 34. Qe1 f4
35. Qf1 e2 36. Qxe2 Qxh4 37. Qf3 Ng5 38. Qxf4 Qxf4 39. Nxf4 Nf3 40. Nxe6 Kf7
41. Kg2 Nxd4 42. Nxd4 Nxc5 43. Kf3 Ke7 44. Kf4 Nd7 45. Nf5+ Ke6 46. Nd6 Nxe5
47. Nxb7 Nd7 48. Na5 1/2-1/2

[Event "16. Copenhagen Open"]
[Site "Copenhagen"]
[Date "1994.??.??"]
[Round "7"]
[White "Jiretorn, Eva"]
[Black "Bjerring, Kai"]
[Result "0-1"]
[WhiteElo "2230"]
[BlackElo "2345"]
[PlyCount "102"]
[EventDate "1994.??.??"]
[EventType "swiss"]
[EventRounds "10"]
[EventCountry "DEN"]
[SourceDate "2004.01.01"]

1. d4 d5 2. Nf3 Nf6 3. c4 c6 4. cxd5 cxd5 5. Nc3 Nc6 6. Bf4 Ne4 7. e3 Nxc3 8.
bxc3 g6 9. Ne5 Bg7 10. Qa4 Bd7 11. Nxd7 Qxd7 12. Bb5 Rc8 13. O-O a6 14. Be2 Nd8
15. Qb3 O-O 16. a4 Re8 17. Bg3 e6 18. Rfc1 Bf6 19. c4 dxc4 20. Rxc4 Rxc4 21.
Qxc4 Nc6 22. Rb1 Rc8 23. Qb3 Na5 24. Qb4 Bd8 25. h3 Rc2 26. Bf3 Bc7 27. Bxc7
Qxc7 28. g3 Ra2 29. Qc5 Rc2 30. Qxc7 Rxc7 31. d5 Nc4 32. Rb4 e5 33. Be2 Nd6 34.
f3 Kf8 35. e4 Ke7 36. Kf2 Rc3 37. f4 a5 38. Rb6 Nxe4+ 39. Ke1 exf4 40. gxf4 Nd6
41. h4 Ra3 42. Bd1 Rd3 43. h5 Rxd5 44. hxg6 fxg6 45. Bf3 Rd4 46. Bxb7 Rxa4 47.
Bd5 Rxf4 48. Ra6 Rf5 49. Rxa5 Kf6 50. Ke2 Kg5 51. Kd3 Ne8 0-1

[Event "16. Copenhagen Open"]
[Site "Copenhagen"]
[Date "1994.??.??"]
[Round "7"]
[White "Jurgens, Peter"]
[Black "Hvenekilde, Jorgen"]
[Result "1-0"]
[WhiteElo "2235"]
[BlackElo "2320"]
[PlyCount "109"]
[EventDate "1994.??.??"]
[EventType "swiss"]
[EventRounds "10"]
[EventCountry "DEN"]
[SourceDate "2004.01.01"]

1. d4 Nf6 2. Nf3 g6 3. Bg5 Bg7 4. Nbd2 O-O 5. e4 d6 6. c3 c5 7. dxc5 dxc5 8.
Qc2 Nc6 9. Be2 Qc7 10. O-O b6 11. Nc4 Bb7 12. Ne3 e6 13. Nd2 Rad8 14. Rfd1 Rd7
15. Ndf1 h6 16. Rxd7 Nxd7 17. Bh4 a6 18. a4 Na5 19. Bg3 Qc8 20. Rd1 Rd8 21. Nd2
Nf6 22. e5 Nd5 23. Nec4 Nxc4 24. Nxc4 Bc6 25. Qb3 Qb8 26. Nd6 Qa8 27. Bf3 Rb8
28. Qa2 Ne7 29. Bxc6 Qxc6 30. Qc4 b5 31. axb5 axb5 32. Qe4 Qxe4 33. Nxe4 Nf5
34. f4 c4 35. Bf2 h5 36. Ba7 Ra8 37. Rd7 Bf8 38. Kf1 Kg7 39. Ng5 Kg8 40. Nxf7
b4 41. Ng5 b3 42. Ne4 Be7 43. Ke2 Kf8 44. Rc7 Ke8 45. Nd2 Bd8 46. Rb7 Rc8 47.
Rb4 g5 48. fxg5 Bxg5 49. Nxc4 Be7 50. Rb8 Rxb8 51. Bxb8 Kd7 52. Nd2 Kc8 53. Ba7
Bg5 54. Nxb3 Bf4 55. Nd4 1-0

[Event "16. Copenhagen Open"]
[Site "Copenhagen"]
[Date "1994.??.??"]
[Round "7"]
[White "Kaspersen, Morten"]
[Black "Harestad, Hans"]
[Result "1-0"]
[WhiteElo "2220"]
[BlackElo "1990"]
[PlyCount "33"]
[EventDate "1994.??.??"]
[EventType "swiss"]
[EventRounds "10"]
[EventCountry "DEN"]
[SourceDate "2004.01.01"]

1. d4 Nf6 2. c4 g6 3. Nc3 Bg7 4. e4 d6 5. f3 O-O 6. Be3 e5 7. Nge2 c6 8. Qd2
Nbd7 9. O-O-O exd4 10. Nxd4 Ne5 11. Bh6 Bxh6 12. Qxh6 a6 13. c5 d5 14. exd5
cxd5 15. g4 Qc7 16. Qg5 Kg7 17. Qxf6+ 1-0

[Event "16. Copenhagen Open"]
[Site "Copenhagen"]
[Date "1994.??.??"]
[Round "7"]
[White "Ksieski, Zbigniew"]
[Black "Brinck Claussen, Bjorn"]
[Result "1-0"]
[WhiteElo "2355"]
[BlackElo "2350"]
[PlyCount "51"]
[EventDate "1994.??.??"]
[EventType "swiss"]
[EventRounds "10"]
[EventCountry "DEN"]
[SourceDate "2004.01.01"]

1. d4 Nf6 2. c4 e6 3. g3 d5 4. Nf3 dxc4 5. Bg2 Nc6 6. O-O Rb8 7. Nc3 Bb4 8. Qc2
O-O 9. Rd1 b5 10. a4 a6 11. axb5 axb5 12. Ne5 Nxe5 13. dxe5 Nd7 14. Ne4 Be7 15.
Be3 Bb7 16. Ba7 Bd5 17. Bxb8 Qxb8 18. Nc3 Bxg2 19. Rxd7 Bh3 20. Qe4 b4 21. Na4
Qb5 22. Rxe7 Rd8 23. Qf3 Bf5 24. Rxc7 c3 25. bxc3 Qxe5 26. Rc5 1-0

[Event "16. Copenhagen Open"]
[Site "Copenhagen"]
[Date "1994.??.??"]
[Round "7"]
[White "Lyrberg, Patrik"]
[Black "Danielsen, Henrik"]
[Result "0-1"]
[WhiteElo "2415"]
[BlackElo "2480"]
[PlyCount "92"]
[EventDate "1994.??.??"]
[EventType "swiss"]
[EventRounds "10"]
[EventCountry "DEN"]
[SourceDate "2004.01.01"]

1. d4 Nf6 2. c4 e6 3. Nc3 Bb4 4. e3 b6 5. Bd3 Bb7 6. f3 c5 7. a3 Bxc3+ 8. bxc3
Nc6 9. Ne2 O-O 10. e4 Ne8 11. Be3 Rc8 12. dxc5 bxc5 13. Bxc5 d6 14. Bf2 Qa5 15.
Rb1 Ba6 16. O-O Nf6 17. c5 dxc5 18. Bxa6 Qxa6 19. Bxc5 Rfd8 20. Qc2 Qa5 21. Bb4
Qe5 22. a4 Nxb4 23. Rxb4 Qc5+ 24. Nd4 Rxd4 25. Rxd4 Qxd4+ 26. cxd4 Rxc2 27. Rb1
Rc8 28. Rb7 Ra8 29. Kf2 Kf8 30. Ke3 Ke8 31. a5 Nd7 32. d5 exd5 33. exd5 Ke7 34.
Kd4 a6 35. Rc7 Rb8 36. Rc6 Rb4+ 37. Kc3 Rb5 38. d6+ Ke6 39. Rxa6 Kd5 40. Ra8
Kxd6 41. Rg8 g6 42. a6 Ra5 43. Rg7 Ke6 44. Rxh7 Rxa6 45. f4 Nf6 46. f5+ gxf5
0-1

[Event "16. Copenhagen Open"]
[Site "Copenhagen"]
[Date "1994.??.??"]
[Round "7"]
[White "Molvig, Henrik"]
[Black "Steinbacher, Matthias"]
[Result "1-0"]
[WhiteElo "2240"]
[BlackElo "2390"]
[PlyCount "43"]
[EventDate "1994.??.??"]
[EventType "swiss"]
[EventRounds "10"]
[EventCountry "DEN"]
[SourceDate "2004.01.01"]

1. d4 e6 2. c4 Bb4+ 3. Bd2 Bxd2+ 4. Qxd2 Nf6 5. Nc3 d5 6. e3 O-O 7. Bd3 Qe7 8.
Nf3 Rd8 9. O-O dxc4 10. Bxc4 c5 11. Qe2 cxd4 12. exd4 Nc6 13. Rad1 Bd7 14. a3
Rac8 15. Rfe1 Qf8 16. Ba2 Be8 17. h3 Rc7 18. d5 exd5 19. Nxd5 Nxd5 20. Rxd5 Re7
21. Qxe7 Kh8 22. Qxf8# 1-0

[Event "16. Copenhagen Open"]
[Site "Copenhagen"]
[Date "1994.??.??"]
[Round "7"]
[White "Nordenbaek, Jan"]
[Black "Nilsson, Nils Specht"]
[Result "1-0"]
[WhiteElo "2160"]
[BlackElo "2260"]
[PlyCount "69"]
[EventDate "1994.??.??"]
[EventType "swiss"]
[EventRounds "10"]
[EventCountry "DEN"]
[SourceDate "2004.01.01"]

1. d4 g6 2. c4 Bg7 3. Nc3 c5 4. d5 e5 5. e4 d6 6. Bd3 Nf6 7. h3 O-O 8. g4 h5 9.
Bg5 Qb6 10. Bxf6 Bxf6 11. gxh5 Na6 12. a3 Bd7 13. Rb1 Kg7 14. Be2 Rh8 15. Bg4
Qd8 16. Qf3 Nc7 17. Bxd7 Qxd7 18. Qg4 Qe7 19. Nge2 Rxh5 20. Ng3 Rg5 21. Qf3 Qd7
22. Nce2 Rh8 23. h4 Rg4 24. h5 Bh4 25. b4 Bxg3 26. Nxg3 Rf4 27. Qe2 b6 28. bxc5
bxc5 29. Rg1 Ne8 30. hxg6 fxg6 31. Nh5+ Rxh5 32. Qxh5 Qf7 33. Rb7 Qxb7 34.
Rxg6+ Kf8 35. Qh8+ 1-0

[Event "16. Copenhagen Open"]
[Site "Copenhagen"]
[Date "1994.??.??"]
[Round "7"]
[White "Pedersen, Bjarne"]
[Black "Nielsen, Soren Holst"]
[Result "1/2-1/2"]
[WhiteElo "2250"]
[BlackElo "2225"]
[PlyCount "190"]
[EventDate "1994.??.??"]
[EventType "swiss"]
[EventRounds "10"]
[EventCountry "DEN"]
[SourceDate "2004.01.01"]

1. d4 d6 2. Bg5 Nd7 3. f4 Ngf6 4. Nf3 c5 5. c3 Qb6 6. Qc2 g6 7. Nbd2 Bg7 8. e4
cxd4 9. cxd4 O-O 10. Bd3 Nb8 11. O-O Nc6 12. Nc4 Qd8 13. Bxf6 Bxf6 14. d5 Nb4
15. Qd2 Nxd3 16. Qxd3 b5 17. Ne3 a5 18. e5 dxe5 19. fxe5 Bg7 20. Rac1 b4 21.
Rfd1 Ba6 22. Qe4 Bh6 23. Kh1 Qb6 24. Nc4 Qb5 25. Rc2 Rad8 26. d6 Bb7 27. Qe2
exd6 28. Rxd6 Rxd6 29. Nxd6 Qxe2 30. Rxe2 Bd5 31. b3 Bf4 32. Nc4 Bxc4 33. bxc4
Rc8 34. Rc2 Rc5 35. g3 Bxe5 36. Nxe5 Rxe5 37. c5 Re7 38. c6 Rc7 39. Rc5 Kf8 40.
Kg2 Ke7 41. a3 b3 42. Rxa5 Rxc6 43. Rb5 Rc2+ 44. Kh3 b2 45. g4 g5 46. a4 Kf6
47. a5 Kg6 48. a6 h5 49. a7 hxg4+ 50. Kxg4 f5+ 51. Kg3 Rc3+ 52. Kg2 Ra3 53.
Rxb2 Rxa7 54. Rf2 Ra5 55. Rb2 Kh5 56. Rc2 Ra4 57. Rf2 f4 58. Rb2 Re4 59. Ra2
Rc4 60. Rb2 Rd4 61. Ra2 Rd3 62. Rb2 Kg4 63. Ra2 Re3 64. Rb2 Kh4 65. Kf2 Ra3 66.
Kg2 g4 67. Rb8 Ra2+ 68. Kg1 Kg5 69. Rb5+ Kf6 70. Rc5 Re2 71. Ra5 Re5 72. Ra4
Kf5 73. Kg2 Rd5 74. Ra2 Ke4 75. Ra4+ Rd4 76. Ra2 Kd3 77. Ra3+ Ke4 78. Ra2 Rc4
79. Rd2 Rc3 80. Re2+ Kd3 81. Re8 Rc2+ 82. Kg1 Re2 83. Ra8 Ke4 84. Ra3 Re3 85.
Ra2 Rd3 86. Kf2 Rf3+ 87. Kg2 Rc3 88. Kf2 Kd3 89. Ra4 Rc2+ 90. Kf1 f3 91. Ra3+
Ke4 92. Ra4+ Kf5 93. Kg1 Rg2+ 94. Kh1 g3 95. hxg3 Rxg3 1/2-1/2

[Event "16. Copenhagen Open"]
[Site "Copenhagen"]
[Date "1994.??.??"]
[Round "7"]
[White "Petersen, Steen"]
[Black "Henrichsen, Jens"]
[Result "0-1"]
[WhiteElo "2085"]
[BlackElo "2150"]
[PlyCount "80"]
[EventDate "1994.??.??"]
[EventType "swiss"]
[EventRounds "10"]
[EventCountry "DEN"]
[SourceDate "2004.01.01"]

1. e4 Nf6 2. e5 Nd5 3. d4 d6 4. Nf3 dxe5 5. Nxe5 g6 6. Bc4 c6 7. O-O Bg7 8. Re1
O-O 9. c3 Nd7 10. Qf3 Nxe5 11. dxe5 Be6 12. Na3 Qc7 13. Qg3 Rad8 14. Nc2 c5 15.
f4 Nb4 16. cxb4 Bxc4 17. Be3 Bd3 18. Rac1 cxb4 19. Nxb4 Qa5 20. Bc5 Bf5 21. Qf2
Rd7 22. a3 Ra8 23. Rc3 Qd8 24. Be3 f6 25. Bc1 fxe5 26. fxe5 e6 27. Bf4 Bf8 28.
Nc2 Rd1 29. Ne3 Rxe1+ 30. Qxe1 Qd4 31. Qf2 Bc5 32. h4 h5 33. Kh2 Rf8 34. Rc4
Qxc4 35. Qg3 Bxe3 36. Bxe3 Qg4 37. Qe1 Be4 38. g3 Rc8 39. Bf2 Qf3 40. Qg1 Rc1
0-1

[Event "16. Copenhagen Open"]
[Site "Copenhagen"]
[Date "1994.??.??"]
[Round "7"]
[White "Pilgaard, Kim"]
[Black "Stripunsky, Alexander"]
[Result "0-1"]
[WhiteElo "2280"]
[BlackElo "2510"]
[PlyCount "82"]
[EventDate "1994.??.??"]
[EventType "swiss"]
[EventRounds "10"]
[EventCountry "DEN"]
[SourceDate "2004.01.01"]

1. e4 c5 2. Nf3 Nc6 3. d4 cxd4 4. Nxd4 e5 5. Nb5 d6 6. c4 Be6 7. Be3 Be7 8. Be2
Nf6 9. f3 O-O 10. O-O Rc8 11. N1c3 a6 12. Na3 b5 13. cxb5 Nd4 14. Kh1 Nxe2 15.
Qxe2 axb5 16. Qxb5 Rb8 17. Qe2 Rb4 18. Rfd1 Qb8 19. b3 Qa8 20. Nc2 Rbb8 21. Bg5
Rfc8 22. Bxf6 Bxf6 23. Nd5 Bg5 24. Nce3 Rc5 25. b4 Rcc8 26. a4 Bxe3 27. Ne7+
Kf8 28. Nxc8 Bd4 29. Nxd6 Bxa1 30. Rxa1 Rxb4 31. Qc2 Qa5 32. h3 g6 33. Kh2 Rb3
34. Qc1 Qb6 35. Nb5 Qf2 36. Ra3 Rb2 37. Qg1 Qh4 38. f4 Qxf4+ 39. Kh1 Qxe4 40.
Nc3 Qb4 41. Qa1 Bxh3 0-1

[Event "16. Copenhagen Open"]
[Site "Copenhagen"]
[Date "1994.??.??"]
[Round "7"]
[White "Roder, Peter"]
[Black "Mortensen, Beatrix"]
[Result "1-0"]
[WhiteElo "2205"]
[BlackElo "2100"]
[PlyCount "77"]
[EventDate "1994.??.??"]
[EventType "swiss"]
[EventRounds "10"]
[EventCountry "DEN"]
[SourceDate "2004.01.01"]

1. e4 c5 2. Nf3 d6 3. d4 cxd4 4. Nxd4 Nf6 5. Nc3 g6 6. Be3 Bg7 7. f3 Nc6 8. Qd2
O-O 9. Bc4 Bd7 10. O-O-O Rc8 11. Bb3 Ne5 12. h4 h5 13. Bg5 Rc5 14. g4 b5 15.
gxh5 Nxh5 16. Nd5 Re8 17. f4 Nc4 18. Qf2 a5 19. f5 a4 20. fxg6 fxg6 21. Bxc4
Rxc4 22. Rhg1 b4 23. Kb1 Kh7 24. Nf5 Rxe4 25. Nxd6 Rf8 26. Qa7 Re2 27. Rge1
Rff2 28. Rxe2 Rxe2 29. Nxb4 Nf6 30. Nc4 Qc8 31. Ne3 Bb5 32. Qxe7 Nd7 33. a3 Bc4
34. Rxd7 Re1+ 35. Rd1 Rxd1+ 36. Nxd1 Qg4 37. Qe1 Qd4 38. Nc3 Be5 39. Qd1 1-0

[Event "16. Copenhagen Open"]
[Site "Copenhagen"]
[Date "1994.??.??"]
[Round "7"]
[White "Schandorff, Lars"]
[Black "Baburin, Alexander"]
[Result "0-1"]
[WhiteElo "2430"]
[BlackElo "2520"]
[PlyCount "100"]
[EventDate "1994.??.??"]
[EventType "swiss"]
[EventRounds "10"]
[EventCountry "DEN"]
[SourceDate "2004.01.01"]

1. e4 Nf6 2. e5 Nd5 3. d4 d6 4. Nf3 Bg4 5. Be2 e6 6. c4 Nb6 7. O-O Be7 8. Nc3
O-O 9. Be3 Nc6 10. b3 d5 11. c5 Nc8 12. b4 f6 13. b5 Na5 14. Nd2 Bxe2 15. Nxe2
c6 16. a4 b6 17. Nf4 Qd7 18. exf6 Bxf6 19. Qg4 bxc5 20. Qxe6+ Qf7 21. Nf3 c4
22. bxc6 Ne7 23. c7 Qxe6 24. Nxe6 Rfc8 25. Bf4 Nb3 26. Rad1 Nc6 27. Rfe1 Re8
28. Bd6 Rac8 29. Nf4 c3 30. Rxe8+ Rxe8 31. Re1 Rc8 32. Nxd5 c2 33. Ba3 Kf7 34.
Ne3 Ncxd4 35. Nxd4 Nxd4 36. Nd5 Nb3 37. Kf1 Nd2+ 38. Kg1 Nc4 39. Bc1 Nb6 40.
Nxf6 gxf6 41. Bf4 Nd5 42. Bd2 Rxc7 43. Rc1 Ke6 44. Kf1 Ke5 45. Ke2 Kd4 46. Ba5
Rc5 47. Bd2 Nc3+ 48. Kf3 Kd3 49. Be3 Rc4 50. Ra1 Rxa4 0-1

[Event "16. Copenhagen Open"]
[Site "Copenhagen"]
[Date "1994.??.??"]
[Round "7"]
[White "Sobjerg, Erik"]
[Black "Bator, Robert"]
[Result "1/2-1/2"]
[WhiteElo "2265"]
[BlackElo "2410"]
[PlyCount "39"]
[EventDate "1994.??.??"]
[EventType "swiss"]
[EventRounds "10"]
[EventCountry "DEN"]
[SourceDate "2004.01.01"]

1. e4 c5 2. Nf3 d6 3. d4 cxd4 4. Nxd4 e5 5. Bb5+ Nd7 6. Nf5 a6 7. Ba4 b5 8. Bb3
Nb6 9. Nc3 Nf6 10. Bg5 Bxf5 11. exf5 Be7 12. Bxf6 Bxf6 13. Nd5 O-O 14. O-O a5
15. a4 b4 16. Qd3 Nxd5 17. Bxd5 Rc8 18. Rad1 Qd7 19. Bb3 Rfd8 20. Qe4 1/2-1/2

[Event "16. Copenhagen Open"]
[Site "Copenhagen"]
[Date "1994.??.??"]
[Round "7"]
[White "Ward, Christopher"]
[Black "Berg, Klaus"]
[Result "1-0"]
[WhiteElo "2495"]
[BlackElo "2440"]
[PlyCount "61"]
[EventDate "1994.??.??"]
[EventType "swiss"]
[EventRounds "10"]
[EventCountry "DEN"]
[SourceDate "2004.01.01"]

1. d4 Nf6 2. c4 c5 3. d5 b5 4. a4 bxc4 5. Nc3 d6 6. e4 g6 7. Bxc4 Bg7 8. f4 O-O
9. Nf3 Ba6 10. Bb5 Bxb5 11. axb5 Nbd7 12. O-O Ne8 13. f5 a6 14. Rxa6 Rxa6 15.
bxa6 Qa5 16. Bg5 Nef6 17. Qa1 Qb6 18. Qa4 c4+ 19. Kh1 Nc5 20. Qxc4 Qxa6 21.
Qxa6 Nxa6 22. e5 dxe5 23. Nxe5 Rb8 24. Nc6 Rxb2 25. Nxe7+ Kf8 26. fxg6 Rc2 27.
Nf5 hxg6 28. Nxg7 Nh7 29. Bh6 Rxc3 30. Re1 f6 31. Nf5+ 1-0

[Event "16. Copenhagen Open"]
[Site "Copenhagen"]
[Date "1994.??.??"]
[Round "8"]
[White "Auchenberg, Per"]
[Black "Hansen, Henrik Michael"]
[Result "1-0"]
[WhiteElo "2160"]
[BlackElo "2060"]
[PlyCount "37"]
[EventDate "1994.??.??"]
[EventType "swiss"]
[EventRounds "10"]
[EventCountry "DEN"]
[SourceDate "2004.01.01"]

1. d4 d5 2. c4 dxc4 3. Nf3 Nf6 4. Nc3 c5 5. d5 e6 6. e4 Nxe4 7. Nxe4 exd5 8.
Nc3 Be6 9. Ng5 Bd6 10. Nxd5 b5 11. Nxe6 fxe6 12. Nc3 O-O 13. Nxb5 Qh4 14. Qe2
Be5 15. g3 Qf6 16. Bg2 c3 17. Rb1 Na6 18. Nxc3 Rab8 19. Ne4 1-0